000 01140nam a2200289 i 4500
005 20260421124723.0
008 260420s2025 my a br 00| jdmay d
020 _a9789670036496
_cRM19.90
_qpaperback
040 _aPPAK
_beng
_cPPAK
_erda
082 0 4 _223
_a899.23301
090 0 0 _a899.23301
_bBAD
_dK
100 0 _aBadrul Hisham Ghazali,
_eauthor.
245 1 0 _aSatu Hari Satu Cerita :
_bSEBERMULA SUATU CERITA /
_cPenulis: Badrul Hisham Ghazali, Ernie Mastura Abd Rani ; Editor dan Pakar Rujuk: Dr. Abdul Ghani Jalil.
264 1 _aPuchong, Selangor :
_bMK e-Solutions Sdn. Bhd.,
_c2025
300 _a32 unnumbered pages :
_bcolour illustrations ;
_c15 x 21 cm
336 _atext
_2rdacontent
337 _aunmediated
_2rdamedia
338 _avolume
_2rdacarrier
500 _aContain QR codes for pre-recorded audio.
650 1 0 _aShort stories, Malay
_xCollections
650 2 0 _aChildren's stories, Malay
650 2 0 _aMalay fiction
650 2 4 _aMalaysian fiction (Malay)
700 0 _aErnie Mastura Abd. Rani,
_eauthor.
700 0 _aAbdul Ghani Jalil,
_cDr.,
_eeditor.
942 _2ddc
_cB
999 _c203930
_d203930